000
00245nam a22001217a 4500
082
_a
507.2 TAN'G
100
_a
TANNER'J.M
_9
56343
245
_a
GROWTH
250
_a
2ND
260
_a
HONG KONG
_b
TIME-LIFE
_c
1981
300
_a
200P
942
_c
BK
999
_c
566792
_d
566792